00298 a2200109 4500001000700000020000600007040001100013100003400024240006300058245005800121362000900179166361 a  cMagnum aHoffmann, Jussara Maria Lerch10aPontos e contrapontos: do pensar ao agir em avaliacaolpor10aPontos e contrapontos: do pensar ao agir em avaliacao0 a1899